| 000 | 01115cam a22002411 4500 | ||
|---|---|---|---|
| 001 | gs 20000358 | ||
| 003 | DLC | ||
| 005 | 20260227111324.0 | ||
| 008 | 920629s1918 ag f 000 0 spa c | ||
| 010 | _ags 20000358 | ||
| 035 | _a(OCoLC)26102089 | ||
| 040 |
_aLibrary, U.S. Geological Survey _cCSt _dDLC |
||
| 042 | _apremarc | ||
| 050 | 0 | 0 |
_aQE231 _b.W47 |
| 100 | 1 |
_aWichmann, Richard, _d1881-1930. |
|
| 245 | 0 | 0 |
_aEstudios geológicos e hidrogeológicos en la región comprendida entre boca del Rio Negro, _bSan Antonio y Choele-Choel, _cpor el doctor Wichmann ... |
| 260 |
_aBuenos Aires, _bTalleres gráficos del Ministerio de agricultura de la nación, _c1918. |
||
| 300 |
_a4 p. l., [7]-44 p. _bV pl. _c27 cm. |
||
| 490 | 0 |
_a[Agrentine Republic] Ministerio de agricultura. Sección geología, mineralogía y minería. Anales. _vt. 13, núm. 3 |
|
| 500 | _aAt head of title: ... Dirección general de minas, geología e hidrologia. Contribución al conocimiento geológico de la República Argentina. III. Informes y comunicaciones. | ||
| 650 | 0 |
_aGeology _zArgentina. |
|
| 650 | 0 |
_aWater-supply _zArgentina. |
|
| 999 |
_c26028 _d26028 |
||